La tutela judicial frente al acoso moral en el trabajo ¿estancamiento y subestimacin̤ o lento progreso? /

Bibliographic Details
Main Author: Molina Navarrete, Cristb̤al
Format: eBook
Language:Spanish
Published: Albacete: Editorial Bomarzo, 2018
Subjects:
Online Access:Acceso restringido

MARC

LEADER 00000nam a22000007a 4500
005 2019032901451.0
007 cr|||| ||||
008 190329s2018 es |||||s|||| 00||0 spa d
020 |a 978-84-17310-08-0 
035 |a 23187 
040 |a vLex 
090 |c 8518  |d 8518 
100 1 |a Molina Navarrete, Cristb̤al 
245 1 2 |a La tutela judicial frente al acoso moral en el trabajo  |h [Recurso electrn̤ico] :  |b ¿estancamiento y subestimacin̤ o lento progreso? /  |c Cristb̤al Molina Navarrete 
256 |a Servicio en ln̕ea 
260 |a Albacete:  |b Editorial Bomarzo,  |c 2018 
300 |a 1 recurso electrn̤ico 
500 |a Desde la primera edicin̤ en 2007 el problema de la tutela judicial efectiva frente al acoso se ha agravado, ya que si bien el nm︢ero de demandas se ha incrementado exponencialmente, las sentencias estimatorias se han reducido sensiblemente. As,̕ miles de demandas, algunas relativas a las nuevas formas de acoso, reciben respuestas judiciales ancladas en el pasado, aunque algunas supongan innovar la tutela preventiva y reparadora del acoso. El props̤ito de esta obra es poner al da̕ el tratamiento judicial frente al acoso moral laboral en los cinco r̤denes jurisdiccionales. 
506 1 |a Disponible solo en los productos indicados  |d vLex Global  |d vLex Global (Academic Edition, excluding Law Schools)  |d vLex Global (U.S. Academic Edition, Law Schools)  |d vLex Global (U.S. Academic Edition, excluding Law Schools)  |d vLex Global (Academic Edition, Law Schools) 
650 0 4 |a Procedimiento Laboral  |z Espaą 
740 0 |a vLex Libros (Servicio en ln̕ea) 
856 4 0 |u http://vlex.com/source/tutela-judicial-frente-al-acoso-moral-en-el-trabajo-estancamiento-y-subestimacion-o-lento-progreso--23187  |z Acceso restringido 
942 |c BOOK 
999 0 |a Labor Procedure